Shortest Non-name Type-ins: English Counties - Statistics

General Stats
  • This quiz has been taken 10 times
    9 since last reset
  • The average score is 22 of 34
Answer Stats
County Length # of type-ins Answer % Correct
Bedfordshire 4 1 beds
83%
Berkshire 4 1 berk
83%
Buckinghamshire 5 1 bucks
83%
Cheshire 4 1 ches
83%
Derbyshire 5 2 derbs | derby
83%
Gloucestershire 4 1 glos
83%
Tyne and Wear 4 2 tyne | wear
83%
Wiltshire 4 1 wilt
83%
City of Bristol 7 3 bristel | bristle | bristol
67%
Cambridgeshire 5 1 cambs
67%
Hampshire 4 1 hamp
67%
Hertfordshire 5 1 herts
67%
Lancashire 4 1 lanc
67%
Leicestershire 5 1 leics
67%
Lincolnshire 5 1 lincs
67%
City of London 6 1 london
67%
Greater London 6 1 london
67%
West Midlands 8 1 midlands
67%
Nottinghamshire 5 1 notts
67%
Shropshire 5 2 salop | shrop
67%
South Yorkshire 9 1 southyork
67%
Staffordshire 6 1 staffs
67%
West Yorkshire 8 1 westyork
67%
Isle of Wight 5 1 wight
67%
Worcestershire 5 1 worcs
67%
North Yorkshire 4 1 york
67%
East Riding of Yorkshire 8 1 eastyork
50%
Greater Manchester 10 1 manchester
50%
Northamptonshire 9 1 northants
50%
Oxfordshire 4 1 oxon
50%
Warwickshire 5 1 warks
50%
Herefordshire 4 1 hfds
33%
Merseyside 9 2 mercyside | mersyside
33%
Somerset 8 1 sumerset
33%
No matching quizzes found
Score Distribution
Percent of People with Each Score
Percentile by Number Answered
Your Score History
You have not taken this quiz since the last reset